Potenciálny účinok novosyntetizovaných derivátov dihydropyridínov na myšiu leukemickú líniu L1210 bakalárska práca

Saved in:
Bibliographic Details
Main Author: Pôbiš, Peter
Format: Book
Language:Slovak
Published: Bratislava STUFCHPT 2019
Online Access:View in OPAC
Tags: Add Tag
No Tags, Be the first to tag this record!

MARC

LEADER 00000nam a2200000 a 4500
005 20260127134126.0
008 190807 2019 xo a 001 0 slo d
035 |a vtls011880593 
039 9 |y 201908071124  |z mschk03 
040 |a STUSCHK1  |b slo  |c STUSCHK1  |e AACR2 
100 1 |a Pôbiš, Peter 
245 1 |a Potenciálny účinok novosyntetizovaných derivátov dihydropyridínov na myšiu leukemickú líniu L1210  |b bakalárska práca  |c Peter Pôbiš 
260 |a Bratislava  |b STUFCHPT  |c 2019 
300 |a 55 s.  |b Obr., tab., grafy  |c 25 cm 
500 |a Študijný program: biotechnológia 
500 |a Študijný odbor: biotechnológie 
500 |a Školiace pracovisko: Ústav biochémie a mikrobiológie 
500 |a Evid. číslo: FCHPT-5419-88498 
910 |a SCHK95 
999 |c 4648  |d 4648